Biggest Cities in the U.S That Start with “San” - Statistics

General Stats
  • This quiz has been taken 55 times
  • The average score is 7 of 15
Answer Stats
Population State City % Correct
1,532,653 Texas San Antonio
98%
1,389,672 California San Diego
98%
767,968 California San Francisco
98%
943,212 California San Jose
92%
224,820 California San Bernardino
60%
98,441 California San Mateo
37%
61,046 California San Clemente
27%
93,747 California San Marcos
27%
73,803 Texas San Marcos
27%
98,726 Texas San Angelo
25%
58,500 California San Rafael
19%
82,490 California San Leandro
13%
83,963 California San Ramon
13%
106,179 Arizona San Tan Valley
12%
108,016 California San Buenaventura
8%
No matching quizzes found
Score Distribution
Percent of People with Each Score
Percentile by Number Answered
Your Score History
You have not taken this quiz